00421nam a22001697a 450000500170000000800410001702000270005804000090008504100120009408200150010610000200012124500320014125000080017326000400018130000080022165000220022920260202110007.0260202b |||||||| |||| 00| 0 eng d a9798886131048c1595.00 aMAIN aEnglish a006.3bTHU aThuillard, Marc aWavelets in Soft Computing  a2nd aSingapore bWorld Scientific c2025 a297 aComputer Science